1645 1560 1324 1549 1263 1185 1321 1589 1336 1056 1944 1999 1814 1901 1511 1003 1233 1033 1249 1215 1056 1602 1606 1202 1001 1045 1313 1402 1870 1379 1784 1537 1947 1575 1153 1708 1191 1586 1499 1740 1047 1446 1830 1486 1151 1081 1248 1953 1189 1391 1317 1552 1408 1305 1927 1408 1831 1334 1703 1360 1686 1790 1059 1129 1269 1592 1619 1094 1282 1934 1444 1183 1196 1935 1338 1754 1736 1959 1286 1045 1609 1142 1781 1255 1636 1272 1532 1354 1974 1628 1584 1335 1925 1116 1382 1766 1799 1220 1144 BCNSPRNW ULIB Ver.6.0+V

เปลี่ยนเป็นภาษาไทย

Change to English
 แสดงรายละเอียดบรรณานุกรม
  กลับหน้าหลัก

Brief Record : Get Marc (ISO 2709) : E-mail record : QR code < ปิดหน้าต่าง
LEADER : 00000nam 2200000uu 4500
001    13399124127
003     ULIB
008    150119s2557||||th 000 0 tha d
020    ^a9786162921179
060 04 ^aWJ340^bว382ร
100    ^aวัชระ จึงสง่า
245    ^aรู้สู้โรคไต/^cวัชระ จึงสง่า
250    ^aพิมพ์ครั้งที่ 1
260    ^aกรุงเทพฯ :^bGoodlife Publishing,^c2557
300    ^a144 หน้า;^b18.5 ซม.
650    ^aโรคไต
945    ^p155^l0^i038456
945    ^p155^l0^i038457
945    ^p155^l0^i038458
945    ^p155^l0^i038459
945    ^p155^l0^i038460
945    ^p155^l0^i038461
945    ^p155^l0^i038462
945    ^p155^l0^i038463
999    ^aเกษร โพธิ์สุวรรณ
รายการนี้ยังไม่มีแท็ก
คุณยังไม่ได้ล็อกอิน คุณสามารถมีกิจกรรมร่วมกับเว็บไซต์ได้ แต่ต้องล็อกอินก่อน ::
  ล็อกอิน

รายการสื่อสารสนเทศ

ลำดับที่ ประเภท เลขเรียก/บาร์โค้ด สถานที่ สถานะ
1. วิทยาศาสตร์การแพทย์ และสุขภาพ
วิทยาศาสตร์การแพทย์ และสุขภาพ
สถานะ=หนังสือเก่า
WJ340 ว382ร ฉ.1 
  Barcode: 038456
ห้องสมุดวิทยาเขตสวรรค์ประชารักษ์
►ส่วนจัดเก็บหนังสือเก่า สปร
บนชั้น
  ขอยืม
2. วิทยาศาสตร์การแพทย์ และสุขภาพ
วิทยาศาสตร์การแพทย์ และสุขภาพ
สถานะ=หนังสือเก่า
WJ340 ว382ร ฉ.2 
  Barcode: 038457
ห้องสมุดวิทยาเขตสวรรค์ประชารักษ์
►ส่วนจัดเก็บหนังสือเก่า สปร
บนชั้น
  ขอยืม
3. วิทยาศาสตร์การแพทย์ และสุขภาพ
วิทยาศาสตร์การแพทย์ และสุขภาพ
สถานะ=หนังสือเก่า
WJ340 ว382ร ฉ.3 
  Barcode: 038458
ห้องสมุดวิทยาเขตสวรรค์ประชารักษ์
►ส่วนจัดเก็บหนังสือเก่า สปร
บนชั้น
  ขอยืม
4. วิทยาศาสตร์การแพทย์ และสุขภาพ
วิทยาศาสตร์การแพทย์ และสุขภาพ
สถานะ=หนังสือเก่า
WJ340 ว382ร ฉ.4 
  Barcode: 038459
ห้องสมุดวิทยาเขตสวรรค์ประชารักษ์
►ส่วนจัดเก็บหนังสือเก่า สปร
บนชั้น
  ขอยืม
5. วิทยาศาสตร์การแพทย์ และสุขภาพ
วิทยาศาสตร์การแพทย์ และสุขภาพ
สถานะ=หนังสือเก่า
WJ340 ว382ร ฉ.5 
  Barcode: 038460
ห้องสมุดวิทยาเขตสวรรค์ประชารักษ์
►ส่วนจัดเก็บหนังสือเก่า สปร
บนชั้น
  ขอยืม
6. วิทยาศาสตร์การแพทย์ และสุขภาพ
วิทยาศาสตร์การแพทย์ และสุขภาพ
สถานะ=หนังสือเก่า
WJ340 ว382ร ฉ.6 
  Barcode: 038461
ห้องสมุดวิทยาเขตสวรรค์ประชารักษ์
►ส่วนจัดเก็บหนังสือเก่า สปร
บนชั้น
  ขอยืม
7. วิทยาศาสตร์การแพทย์ และสุขภาพ
วิทยาศาสตร์การแพทย์ และสุขภาพ
สถานะ=หนังสือเก่า
WJ340 ว382ร ฉ.7 
  Barcode: 038462
ห้องสมุดวิทยาเขตสวรรค์ประชารักษ์
►ส่วนจัดเก็บหนังสือเก่า สปร
บนชั้น
  ขอยืม
8. วิทยาศาสตร์การแพทย์ และสุขภาพ
วิทยาศาสตร์การแพทย์ และสุขภาพ
สถานะ=หนังสือเก่า
WJ340 ว382ร ฉ.8 
  Barcode: 038463
ห้องสมุดวิทยาเขตสวรรค์ประชารักษ์
►ส่วนจัดเก็บหนังสือเก่า สปร
บนชั้น
  ขอยืม

รายการใกล้เคียง
    ผู้แต่ง [วัชระ จึงสง่า]

    หัวเรื่อง [โรคไต]

BibComment


ยังไม่เคยถูกคอมเมนท์

คอมเมนท์ทรัพยากรรายการนี้
  คอมเมนท์: รู้สู้โรคไต วัชร..


 Copyright 2026. Bcnsprnw @Library